000 00460nam a22001697a 4500
999 _c181577
_d181577
005 20210923170104.0
010 _aENG-129961
020 _c1295.00
_a9789353887148
035 _aEN-113493
037 _bDBAD/PUB
082 _a307.12160
245 _aRadical City :
_cedited by Pithamber R.Polsani
260 _bSage
_c2021
270 _bNew Delhi
_aBI/1-1 Mohan Cooperative Industrial Area
_e110044
300 _axi,256p.
_c25cm (hbk)
942 _2ddc
_cEN
_mRAD